Institutions and organizations : ideas and interests
Αποθηκεύτηκε σε:
| Κύριος συγγραφέας: | |
|---|---|
| Μορφή: | Βιβλίο |
| Γλώσσα: | English |
| Δημοσίευση: |
Los Angeles :
Sage Publications,
c2008
|
| Έκδοση: | 3rd ed. |
| Θέματα: | |
| Ετικέτες: |
Προσθήκη ετικέτας
Δεν υπάρχουν, Καταχωρήστε ετικέτα πρώτοι!
|
MARC
| LEADER | 00000nam a2200000 i 4500 | ||
|---|---|---|---|
| 001 | 1/100883 | ||
| 008 | 090209s2008 eng d | ||
| 020 | |a 978-1-4129-5-90-9 | ||
| 035 | |l 10103036 | ||
| 040 | |a GR-MY-UA |b gre |e aacr | ||
| 041 | 0 | |a eng | |
| 082 | 0 | |a 302.35 |2 (22) | |
| 100 | 1 | |a Scott, W. Richard. | |
| 245 | 1 | 0 | |a Institutions and organizations : |b ideas and interests / |c W. Richard Scott |
| 250 | |a 3rd ed. | ||
| 260 | |a Los Angeles : |b Sage Publications, |c c2008 | ||
| 300 | |a xii, 226 σ.; |c 23 εκ. | ||
| 504 | |a Περιλαμβάνει βιβλιογραφικές παραπομπές και ευρετήριο | ||
| 650 | 0 | 0 | |a Organizational sociology. |
| 650 | 0 | 0 | |a Social institutions. |
| 852 | |a INST |b CHIOS |e 20090209 |h 302.35 SCO |p 005200030694 |q 005200030694 |t BK |y 0 | ||
| 901 | |a BIBL2-2009-1 | ||
| 909 | |a Χ |b 156261 | ||
| 922 | |a 2ΕΛΗ |b 200810 |c ΕΠΕΑΕΚ2/ΤΔΕ |d Ι. ΜΙΧΑΛΟΠΟΥΛΟΣ | ||
| 970 | |a ΒΑΣΙΛΑΚΗ |b ΝΙΚΗ |z 2009/02/09 | ||